000 00528nam a2200205Ia 4500
003 BUBTL
008 151213s9999 xx 000 0 und d
020 _a0-7069-9953-3
082 _a346.07KUB
100 _a Kuchhal, M. C.
_9134
245 _aBusiness Laws/
_cM.C.Kuchal
250 _a3rd ed.
260 _aNew Delhi :
_bVikas Publishing House Pvt Ltd,
_cc1999.
300 _ax, 433 p. :
_c22 cm.
650 _aLaw
650 _aLaw
856 _k0
_l0
_yDownload
942 _2ddc
_cBK
999 _c5813
_d5813